000 00570nam a2200205Ia 4500
005 20241129110245.0
008 241129s9999||||xx |||||||||||||| ||und||
037 _aTB
040 _aARTS
_beng
_cARTS
041 _aeng
_2urd
084 _aO168,1N31x Q5
_qARTS
100 _aArgali Farrukh Au.
_9727594
245 0 _aKulliyat-e-Ahmad Faraz
_cArgali Farrukh Au.
260 _aNew Delhi, India
_bNew Farid Book Depot
_c2022
300 _a1203p.
365 _aINR
_b900
650 _aUrdu Poetry
942 _cTB
_hO168,1N31x Q5
999 _c1227919
_d1227919